Capitali più Meridionali - Morte improvvisa - Statistics

Statistiche generali
  • Questo quiz è stato fatto 49 volte
  • Il punteggio medio è 5 su 15
Answers on the Grid
Answers color-coded by a green-red scale on the quiz's grid according to % correct below.
Wellington
Canberra
Montevideo
Buenos Aires
Città del Capo
Santiago
Maseru
Bloemfontein
Mbabane
Lobamba
Maputo
Pretoria
Asuncion
Gaborone
Windhoek
Antananativo
Apia
Port Moresby
Dodoma
Victoria
Kinshasa
Nairobi
Kigali
Singapore
Malé
Accra
Monrovia
Lomé
Bamako
Vientiane
 
Statistiche sulle risposte
Risposta % Corretto
Città del Capo
70%
Wellington
58%
Bloemfontein
55%
Canberra
55%
Buenos Aires
52%
Montevideo
45%
Pretoria
45%
Santiago
39%
Windhoek
24%
Gaborone
21%
Maputo
21%
Asuncion
18%
Maseru
18%
Mbabane
18%
Lobamba
9%
Nessun quiz corrispondente trovato
Distribuzione punteggi
Percentuale di utenti per punteggio
Percentile per numero di risposta
I tuoi punteggi nel tempo
Non hai fatto questo quiz